The spirit of romance.

Bibliographic Details
Main Author: Pound, Ezra, 1885-1972
Format: Book
Language:English
Published: [Norfolk, Conn.] : [J. Laughlin], [1952]
Subjects:

MARC

Tag First Indicator Second Indicator Subfields
LEADER 00000cam a2200000 4500
001 in00000028354
005 20151007061414.0
008 751029r19521910ctu 00000 eng
010 |a  53005860  
035 |a (OCoLC)01742715 
035 |9 AAD1997AM 
040 |a DLC  |c FUG  |d TXA  |d UtOrBLW 
049 |a TXAM  |c [218863] 
050 0 |a PN681  |b .P6 1952 
082 0 |a 808.13 
092 |a 808.1  |b P876s 
100 1 |a Pound, Ezra,  |d 1885-1972. 
245 1 4 |a The spirit of romance. 
264 1 |a [Norfolk, Conn.] :  |b [J. Laughlin],  |c [1952] 
300 |a 248 pages ;  |c 22cm. 
336 |a text  |b txt  |2 rdacontent 
337 |a unmediated  |b n  |2 rdamedia 
338 |a volume  |b nc  |2 rdacarrier 
500 |a "A New directions book." 
500 |a First edition pub. in 1910. 
650 0 |a Poetry, Medieval  |x History and criticism. 
650 0 |a Romance-language literature  |x History and criticism. 
999 |a MARS 
999 f f |s 795bd1ee-0813-3ab9-a520-193553a43679  |i 29dea292-721b-3838-8855-0e289f065fcd  |t 0 
952 f f |p normal  |a Texas A&M University  |b College Station  |c Sterling C. Evans Library  |d Evans: Library Stacks  |t 0  |e PN681 .P6 1952  |h Library of Congress classification  |i unmediated -- volume  |m A14801196720 
998 f f |a PN681 .P6 1952  |t 0  |l Evans: Library Stacks